000 00745cam a2200229 a 4500
001 000007162
005 20200929154101.0
008 861014s1985 cu a b 001 p spa
040 _aDO-SdBNP
_cDLC
_dDLC
082 _a896
_bM385p, 1985
100 1 _aMartínez Furé, Rogelio,
_d1937-
_919886
245 1 0 _aPoesía anónima africana /
_cRogelio Martínez Furé.
250 _a2a ed. rev. y aum.
260 _aLa Habana :
_bArte y Literatura,
_c1985.
300 _a2 v. :
_bil. ;
_c19 cm.
504 _aIncluye bibliografía.
590 _aLa biblioteca posee ambos ejemplares autografiado por el autor.
650 4 _aPoesía africana
_919887
650 4 _aLiteratura africana
_912934
910 _aCatalogación por copia / LC
910 _aWM
999 _c6943
_d6943